Responses for Show #5321 - Monday, October 29, 2007

Paul Glaser game 2.

Contestants

[<< previous game]

Pat Kennedy, a housewife, mother, and substitute teacher from Holland, Pennsylvania

Kathleen Lohmann, a benefits coordinator originally from Yuma, Arizona

Paul Glaser, a research scientist from Albany, New York (whose 1-day cash winnings total $24,401)

[next game >>]

Jeopardy! Round responses

(Alex: You have to give us the word we have replaced in each category...)
JEPOETRY
TV MDs
VAMPIRES
BIBLICAL ABOMINATIONS
THEY COME IN THREES
"OK"
    $200 9
beauty

Paul
    $200 26
Grey's Anatomy

Paul
    $200 21
garlic

Paul
    $200 13
locusts

Pat
    $200 6
Three's Company

Paul
    $200 1
a wok

Kathleen
    $400 10
spring

Kathleen
    $400 27
ER

Paul
    $400 22
stakes

Paul
    $400 14
an eagle

Kathleen
    $400 7
The Three Musketeers

Pat
    $400 2
an artichoke

Kathleen
    $600 16
fog

Kathleen
    $600 28
Gregory House

Kathleen
    $600 23
fangs (or pointy teeth)

Paul
    $600 15
incense

Paul
    $600 8
(Pat: Who is... [sighs] um... Augustus?)

Julius Caesar

Pat
Triple Stumper
    $600 3
a poker face

Kathleen
    $800 17
brillig

Paul
    $800 29
(Paul: What is Jordan? Who is Jordan?)
...
(Alex: You came up with the right name, but not the series--[*]. We were going for the show.)

Crossing Jordan

Paul
Triple Stumper
    $2,000 24
Transylvania

Paul
    $800 19
scales

Paul
    $800 11
Sweden

Paul
    $800 4
Roanoke

Pat
    $1000 18
Mudville

Paul
    $1000 30
Bones

Paul
    $1000 25
Samuel Taylor Coleridge

Triple Stumper
    $1000 20
Egypt

Kathleen
    $1000 12
(Alex: That's a toughie. What is [*]?)

Phoenicia

Triple Stumper
    $1000 5
Bangkok

Kathleen

Scores at the first commercial break (after clue 15):

Paul Kathleen Pat
$1,800 $3,000 $800

Scores at the end of the Jeopardy! Round:

Paul Kathleen Pat
$8,400 $5,200 $800

Double Jeopardy! Round responses

SCIENCE ADJECTIVES
COUNTRY MUSIC
THE 1920s
ALONG E-90
PORK & MINDY
5-LETTER WORDS
    $400 6
nuclear

Kathleen
    $400 16
Carrie Underwood

Pat
    $400 17
(Kathleen: What is an undertaker?)

a florist

PaulKathleen
    $400 22
Lisbon

Paul
    $400 11
bacon

Kathleen
    $400 1
a waltz

Kathleen
    $800 7
nocturnal

Kathleen
    $800 27
"I Will Always Love You"

Pat
    $800 18
the Model A

Pat
    $800 23
Barcelona

Paul
    $800 12
ham

Kathleen
    $800 2
(Pat: What is a plait?)

a queue

Pat
Triple Stumper
    $1200 8
porous

Paul
    $1200 28
Willie Nelson

Triple Stumper
    $1200 19
Germany

Paul
    $1200 24
Ankara

Paul
    $1200 13
Babe

Kathleen
    $1200 3
(Pat: What is peat?)

mulch

KathleenPat
    $1600 9
congenital

Paul
    $1600 29
(Kathleen: Who is Chesney?)
(Pat: Who is Garth Brooks?)

Keith Urban

KathleenPat
Triple Stumper
    $1600 20
AT&T

Triple Stumper
    $1600 25
assassination

Paul
    $1600 14
potbelly

Paul
    $1600 4
a tilde

Paul
    $2000 10
caustic

Paul
    $2000 30
"It's Five O'Clock Somewhere"

Triple Stumper
    $2000 21
Aimee Semple McPherson

Triple Stumper
    $6,000 26
the Appian Way

Paul
    $2000 15
the razorbacks

Paul
    $2,000 5
(Paul: What is... canine?)

a cynic

Paul

Scores at the end of the Double Jeopardy! Round:

Paul Kathleen Pat
$28,000 $8,400 -$800
(lock game)

[wagering suggestions for these scores]

Final Jeopardy! Round responses

AFRICAN GEOGRAPHY
KathleenWhat is Mt. Kiliminjaro?
$8,399
PaulWhat is Kilamanjaro?
$8,000
Mount Kilimanjaro

Final scores:

Paul Kathleen Pat
$36,000 $16,799 -$800
2-day champion: $60,401 2nd place: $2,000 3rd place: $1,000

Game dynamics:

Coryat scores:

Paul Kathleen Pat
$24,800 $8,400 -$800
27 R
(including 2 DDs),
2 W
(including 1 DD)
16 R,
2 W
6 R,
4 W

Combined Coryat: $32,400

[game clues] [game scores] [suggest correction]

Game tape date: 2007-08-13
The J! Archive is created by fans, for fans. Scraping, republication, monetization, and malicious use prohibited; this site may use cookies and collect identifying information. See terms. The Jeopardy! game show and all elements thereof, including but not limited to copyright and trademark thereto, are the property of Jeopardy Productions, Inc. and are protected under law. This website is not affiliated with, sponsored by, or operated by Jeopardy Productions, Inc. Join the discussion at JBoard.tv.